Statistics for MCU Series

Click here to take the quiz!

General Stats

  • This quiz has been taken 41 times
  • The average score is 10 of 13

Answer Stats

YearSeries% Correct
2021WandaVision
97%
2021Loki
93%
2023Loki S2
93%
2022Moon Knight
93%
2021The Falcon and the Winter Soldier
86%
2021Hawkeye
83%
2022She-Hulk: Attorney at Law
83%
2021What If…?
83%
2023What If…? S2
83%
2022Ms Marvel
76%
2023Secret Invasion
69%
2022I am Groot
48%
2023I am Groot S2
48%

Score Distribution

Percentile by Number Answered

Percent of People with Each Score

Your Score History

You have not taken this quiz